00874nam a2200241 i 450000100060000000300090000600500170001500700030003200800410003502000180007608000240009410000360011824500850015426000470023930000380028649000370032465000360036165000350039783000390043285200220047199900170049395201220051010860ES-MaACL20250811232014.0t|920109s1991 sp a |||| | spa j a84-7600-907-0 a7.034/.036(728/729)1 aGómez Piñol, Emilio.95811614aLas artes plásticas en Centroamérica y el Caribe / cEmilio Gómez Piñol. aTorrejón de Ardoz : bAkal, cD.L. 1991. a63 p : bil. col. y n. ; c24 cm.1 aAkal Las Américas. Arte ; v39 4aArte-zAmérica central91007017aArte caribeño2embne916872700aAkal. pLas Américasv399231693 aES-MaACLjL-18195 c10860d10860 00104070aATENEOMbATENEOMcDEPO2d2008-01-17eSCl0oL-18195p1011078r2023-02-23 00:00:00w2023-02-23yMONOGRAFIA